Nuevos caminos de la arquitectura italiana /
Gardado en:
| Autor Principal: | |
|---|---|
| Formato: | Libro |
| Idioma: | Lingua castelá |
| Publicado: |
Barcelona, España :
Blume,
1969, c1969
|
| Series: | (Nuevos Caminos de la Arquitectura)
|
| Temas: | |
| Etiquetas: |
Sen Etiquetas, Sexa o primeiro en etiquetar este rexistro!
|
MARC
| LEADER | 00000nam^a2200000^a^4500 | ||
|---|---|---|---|
| 001 | 000017380 | ||
| 005 | 20250521000000.0 | ||
| 009 | 20260310084138.914 | ||
| 037 | |a Acervo ITESO - Biblioteca | ||
| 041 | |a ESP | ||
| 082 | |a 720. 945 |b GRE | ||
| 100 | |a Gregotti, Vittorio |e (autor) | ||
| 245 | 1 | 0 | |a Nuevos caminos de la arquitectura italiana / |c V. Gregotti ; tr. por Lucia Puppo. |
| 264 | 4 | |a Barcelona, España : |b Blume, |c 1969, c1969 | |
| 300 | |a 128 p. | ||
| 336 | |a texto |b txt |2 rdacontenido | ||
| 337 | |a sin mediación |b n |2 rdamedio | ||
| 338 | |a volumen |b nc |2 rdasoporte | ||
| 440 | 1 | |a (Nuevos Caminos de la Arquitectura) | |
| 500 | |a Traducción de: New Directions in Italian Architecture | ||
| 649 | |a XX | ||
| 650 | |a Arquitectura Italiana | ||
| 650 | |a Arquitectura Moderna | ||
| 910 | |a Fondo General | ||
| 920 | |a Impresos - Libros | ||
| 930 | |a Colección General | ||
| 905 | |a 101 | ||
| 901 | |a 0173800100 |b IT1 |c ACC |i 017380 |u 20250521 | ||
| 902 | |a https://opac.biblio.iteso.mx/vufind/Record/000017380 | ||